000 00347pam a2200157a 44500
008 230515b2009 xxu||||| |||| 00| 0 eng d
020 _aNULL
041 _aENGL
082 _a621.8 MYS
100 _aMYSZKA D.H.
245 _aMACHINES AND MECHANISMS
250 _a3
260 _aNULL
_bPRENTICE HALL
_c2009
300 _a556
650 _aNULL
999 _c643101
_d643101